000 02108nam0a22003491 4500
001 v19\rc\1529274
005 20251113190046.2
035 _a(NLR Aleph) 004649743
090 _a3405902
_c3405902
100 _a20060620d1887 u y0rusy50 ca
101 0 _arus
102 _aRU
105 _aa z |||||
200 1 _aПроизводство стальных орудий во Франции
_fСост. Григорий Забудский, штат. воен. преп. Михайл. арт. акад. и уч-ща
210 _aСанкт-Петербург
_cтип. А.С. Суворина
_d1887
215 _aVIII, 112 с., 15 л. черт.
_d21
300 _aИзд. не продается
311 _aОб орудийных металлах бронзе, чугуне, сварочном железе и литой стали.-Спб.:лит. Михайловской артиллер. акад. и училища, 1888.-Написано от руки. Литогр. (шифр: 62-7/3526)
421 0 _11010#$arus
_12001#$aОб орудийных металлах бронзе, чугуне, сварочном железе и литой стали
_1210##$aСанкт-Петербург$cлит. Михайловской артиллер. акад. и училища$d1888
_1215##$a[4], IV, 83 с.
_1300##$aНаписано от руки. Литогр.
_1899##$aNLR$j62-7/3526
_tОб орудийных металлах бронзе, чугуне, сварочном железе и литой стали
700 1 _4220
_7ca
_8rus
_aЗабудский
_bГ. А.
_f1854-1930
_gГригорий Александрович
_92696335
_3RU\NLR\AUTH\770289741
801 0 _aRU
_bNLR
_gpsbo
801 0 _aRU
_bRuMoRGB
_2psbo
801 1 _aRU
_bProSoft-M
_2rusmarc
852 _aNLR
_j18.126.4.60
852 _aNLR
_j130/763
899 _aRuMoRGB
_jC 11/95
_z(без прил.)
899 _aRuMoRGB
_jU 234/1738
_z(без прил.)
899 _aRuMoRGB
_jΔ 47/59
_z(без прил.)
899 _aRuMoRGB
_jΔ 49/43
_z(без прил.)
899 _aБАН
_z(без прил.)
942 _cUNSPEC
980 _aNB